000 00712nam a2200217Ia 4500
005 20241129111508.0
008 241129s9999||||xx |||||||||||||| ||und||
020 _a978-93-95472-20-3
037 _aTB
040 _aCRL
_bhin
_cCRL
041 _ahin
_2hin
084 _aV25253.M57 152R3
_qCRL
100 _aशर्मा, के. डी., ले.
245 0 _aमेरठ में 1857 की क्रान्ति
_cशर्मा, के. डी., ले.
260 _aदिल्ली, भारत
_bकिताबवाले
_c2023
300 _a318पृ0
365 _aINR
_b2400
650 _a History
942 _cTB
_hV25253.M57 152R3
999 _c1230716
_d1230716